| 000 | 00601nam a2200193Ia 4500 | ||
|---|---|---|---|
| 005 | 20230130142256.0 | ||
| 008 | 131103s9999 xx 000 0 und d | ||
| 040 | _aLoreto College | ||
| 041 | _aEnglish | ||
| 082 |
_a882 _bSOP |
||
| 245 |
_aTwentieth century interpretations of Oedipus Rex _b a collection of critical essays _cedited by Michael J.O'Brien |
||
| 260 |
_aEnglewood Cliffs _bPrentice - Hall _c1968 |
||
| 300 | _aix,121 p. | ||
| 504 | _aIncludes bibliographical references | ||
| 650 | _aSophocles,4496 -406 B.C. | ||
| 700 | _aO'Brien,Michael J.,ed. | ||
| 850 | _aLCLIB | ||
| 942 | _cBK | ||
| 999 |
_c5866 _d56345 |
||